Countries With The Worst Public Healthcare - Statistics

General Stats
  • This quiz has been taken 52 times
  • The average score is 5 of 10
Answer Stats
Rank (1 being the worst) Health Systems Index (Lower the worse) Country % Correct
4 0.171 Democratic Republic of The Congo
80%
5 0.176 Nigeria
62%
3 0.156 Central African Republic
58%
6 0.200 Liberia
53%
7 0.251 Malawi
53%
1 0.00 Sierra Leone
53%
8 0.260 Mozambique
42%
10 0.269 Zambia
40%
9 0.266 Lesotho
27%
2 0.138 Myanmar
13%
No matching quizzes found
Score Distribution
Percent of People with Each Score
Percentile by Number Answered
Your Score History
You have not taken this quiz